Scientific Aspects of Physical Education and Sports Science/ (Record no. 198597)
[ view plain ]
| 000 -LEADER | |
|---|---|
| fixed length control field | 00588nam a22001697a 4500 |
| 005 - DATE AND TIME OF LATEST TRANSACTION | |
| control field | 20230927122435.0 |
| 020 ## - INTERNATIONAL STANDARD BOOK NUMBER | |
| International Standard Book Number | 9789390649969 |
| Terms of availability | 1295.00 |
| 082 ## - DEWEY DECIMAL CLASSIFICATION NUMBER | |
| Classification number | 796 |
| Edition number | First |
| 100 ## - MAIN ENTRY--PERSONAL NAME | |
| Personal name | Kadhiravan, Vasanthi |
| 245 ## - TITLE STATEMENT | |
| Title | Scientific Aspects of Physical Education and Sports Science/ |
| Statement of responsibility, etc | by Vasanthi Kadhiravan |
| 250 ## - EDITION STATEMENT | |
| Edition statement | First |
| 260 ## - PUBLICATION, DISTRIBUTION, ETC. (IMPRINT) | |
| Place of publication, distribution, etc | New Delhi |
| Name of publisher, distributor, etc | Friends Publication |
| Date of publication, distribution, etc | 2021 |
| 270 ## - ADDRESS | |
| Address | 101, 4787/23, Ansari Road, Daryaganj |
| City | New Delhi |
| Postal code | 110002 |
| 300 ## - PHYSICAL DESCRIPTION | |
| Extent | 246p. |
| Dimensions | 25cm(hbk) |
| 942 ## - ADDED ENTRY ELEMENTS (KOHA) | |
| Source of classification or shelving scheme | Dewey Decimal Classification |
| Item type | English Books |
| Classification part | 796 |
| Call number suffix | KAD |
| Withdrawn status | Lost status | Not for loan | Collection code | Home library | Current library | Date acquired | Source of acquisition | Cost, normal purchase price | Full call number | Barcode | Copy number | Cost, replacement price | Koha item type |
|---|---|---|---|---|---|---|---|---|---|---|---|---|---|
| Non-fiction | Mobile Library | Mobile Library | 27/09/2023 | GIFT/4.09.23 | 1295.00 | 796 KAD | B-755886 | 1 | 1295.00 | English Books |
